Statistics for Name the Mario games in order.

Click here to take the quiz!

General Stats

  • This quiz has been taken 2 times
  • The average score is 4 of 22

Answer Stats

HintAnswer% Correct
1985Super Mario Bros
100%
1996Super Mario 64
50%
1988[USA]Super Mario Bros 2
50%
1988Super Mario Bros 3
50%
2002Super Mario Sunshine
50%
1990Super Mario World
50%
1996Mario Kart 64
0%
2017Mario Kart 8 Deluxe
0%
2005Mario Kart DS
0%
2008Mario Kart Wii
0%
2006New Super Mario Bros
0%
2012New Super Mario Bros 2
0%
2012New Super Mario Bros U
0%
2009New Super Mario Bros Wii
0%
2020Super Mario 3D All Stars
0%
2011Super Mario 3D Land
0%
2013Super Mario 3D World
0%
2004Super Mario 64 DS
0%
2007Super Mario Galaxy
0%
2010Super Mario Galaxy 2
0%
1992Super Mario Kart
0%
2017Super Mario Odyssey
0%

Score Distribution

Percentile by Number Answered

Percent of People with Each Score

Your Score History

You have not taken this quiz